Crear y crecer. Artes integradas para niños y niñas con discapacidad visual.

Guardat en:
Dades bibliogràfiques
Autor principal: Galindo Castro, Verónica María (autor)
Format: Llibre
Idioma:espanyol
Matèries:
Etiquetes: Afegir etiqueta
Sense etiquetes, Sigues el primer a etiquetar aquest registre!

MARC

LEADER 00000nam^a2200000^u^4500
001 000509777
005 20250521000000.0
008 091109s1000^^^^^^^^^^^^r^^^^^000^0^spa^d
009 20260310130110.884
022 |a 9786079540708 
035 |a FCE 000053986 
037 |a Acervo ITESO - Biblioteca 
041 |a spa 
082 0 4 |a 371.911  |b GALc 
100 |a Galindo Castro, Verónica María  |e (autor) 
245 1 0 |a Crear y crecer.  |b Artes integradas para niños y niñas con discapacidad visual. 
264 |a México:  |b CEE,  |c 2009. 
300 |a 204 p. 
336 |a texto  |b txt  |2 rdacontenido 
337 |a sin mediación  |b n  |2 rdamedio 
338 |a volumen  |b nc  |2 rdasoporte 
649 |a XX 
650 |a Danza 
650 |a Educación especial 
650 |a Teatro 
650 |a Música 
650 |a Desarrollo psicomotor 
650 |a Integración 
650 |a Sugerencias orientadoras 
650 |a Ejercicios 
910 |a Fondo Centro de Estudios Educativos 
920 |a Impresos - Libros 
930 |a Fondos Especiales 
905 |a 133 
901 |a ALE067404  |b IT2  |c CEE  |u 20250521 
901 |a ALE067405  |b IT2  |c CEE  |u 20250521 
901 |a ALE067406  |b IT2  |c CEE  |u 20250521 
902 |a https://opac.biblio.iteso.mx/vufind/Record/000509777